<?xml version="1.0" encoding="UTF-8"?>
<collection xmlns="http://www.loc.gov/MARC21/slim">
 <record>
  <leader>05214cam a2200661 c 4500</leader>
  <controlfield tag="001">1815209631</controlfield>
  <controlfield tag="003">DE-627</controlfield>
  <controlfield tag="005">20250602141920.0</controlfield>
  <controlfield tag="007">tu</controlfield>
  <controlfield tag="008">220825s2022    sp |||||      00| ||spa c</controlfield>
  <datafield tag="010" ind1=" " ind2=" ">
   <subfield code="a">  2022375866</subfield>
  </datafield>
  <datafield tag="020" ind1=" " ind2=" ">
   <subfield code="a">9788413693507</subfield>
   <subfield code="9">978-84-1369-350-7</subfield>
  </datafield>
  <datafield tag="020" ind1=" " ind2=" ">
   <subfield code="a">8413693500</subfield>
   <subfield code="9">84-1369-350-0</subfield>
  </datafield>
  <datafield tag="024" ind1="8" ind2=" ">
   <subfield code="a">GR. 500/2022</subfield>
   <subfield code="q">Identnummer</subfield>
  </datafield>
  <datafield tag="035" ind1=" " ind2=" ">
   <subfield code="a">(DE-627)1815209631</subfield>
  </datafield>
  <datafield tag="035" ind1=" " ind2=" ">
   <subfield code="a">(DE-599)KXP1815209631</subfield>
  </datafield>
  <datafield tag="035" ind1=" " ind2=" ">
   <subfield code="a">(OCoLC)1348595507</subfield>
  </datafield>
  <datafield tag="040" ind1=" " ind2=" ">
   <subfield code="a">DE-627</subfield>
   <subfield code="b">ger</subfield>
   <subfield code="c">DE-627</subfield>
   <subfield code="e">rda</subfield>
  </datafield>
  <datafield tag="041" ind1=" " ind2=" ">
   <subfield code="a">spa</subfield>
  </datafield>
  <datafield tag="044" ind1=" " ind2=" ">
   <subfield code="c">XA-ES</subfield>
  </datafield>
  <datafield tag="050" ind1=" " ind2="0">
   <subfield code="a">NC</subfield>
  </datafield>
  <datafield tag="050" ind1=" " ind2="0">
   <subfield code="a">MLCM 2025/40379 (N)</subfield>
  </datafield>
  <datafield tag="084" ind1=" " ind2=" ">
   <subfield code="a">KUNST</subfield>
   <subfield code="q">DE-16</subfield>
   <subfield code="2">fid</subfield>
  </datafield>
  <datafield tag="084" ind1=" " ind2=" ">
   <subfield code="a">741.071-055.2</subfield>
   <subfield code="2">udc</subfield>
  </datafield>
  <datafield tag="084" ind1=" " ind2=" ">
   <subfield code="a">20.31</subfield>
   <subfield code="2">bkl</subfield>
  </datafield>
  <datafield tag="084" ind1=" " ind2=" ">
   <subfield code="a">71.33</subfield>
   <subfield code="2">bkl</subfield>
  </datafield>
  <datafield tag="245" ind1="0" ind2="0">
   <subfield code="a">Mujeres creadoras</subfield>
   <subfield code="b">dibujo, trazo y discurso</subfield>
   <subfield code="c">María Aguilar Alejandre, M.a del Carmen Molina Barea (eds.)</subfield>
  </datafield>
  <datafield tag="264" ind1=" " ind2="1">
   <subfield code="a">Granada</subfield>
   <subfield code="b">Editorial Comares</subfield>
   <subfield code="c">2022</subfield>
  </datafield>
  <datafield tag="300" ind1=" " ind2=" ">
   <subfield code="a">205 Seiten</subfield>
   <subfield code="b">Illustrationen</subfield>
   <subfield code="c">24 cm</subfield>
  </datafield>
  <datafield tag="336" ind1=" " ind2=" ">
   <subfield code="a">Text</subfield>
   <subfield code="b">txt</subfield>
   <subfield code="2">rdacontent</subfield>
  </datafield>
  <datafield tag="337" ind1=" " ind2=" ">
   <subfield code="a">ohne Hilfsmittel zu benutzen</subfield>
   <subfield code="b">n</subfield>
   <subfield code="2">rdamedia</subfield>
  </datafield>
  <datafield tag="338" ind1=" " ind2=" ">
   <subfield code="a">Band</subfield>
   <subfield code="b">nc</subfield>
   <subfield code="2">rdacarrier</subfield>
  </datafield>
  <datafield tag="490" ind1="1" ind2=" ">
   <subfield code="a">Colección Comares Arte</subfield>
   <subfield code="v">7</subfield>
  </datafield>
  <datafield tag="500" ind1=" " ind2=" ">
   <subfield code="a">Literaturverzeichnis Seite 197-198</subfield>
  </datafield>
  <datafield tag="520" ind1=" " ind2=" ">
   <subfield code="a">Este apasionante libro supone una apuesta arrebatadora por la figura de la mujer creadora dentro del ámbito del dibujo en diversas de sus manifestaciones. Las exquisitas investigaciones permiten materializar los casos de estudio abordados desde enfoques histórico-artísticos, técnicos ,filosóficos y estéticos. En este vasto contexto se presentan distintos trabajos que abarcan desde la escuela de la Bauhaus hasta algunas protagonistas de la joven generación de ilustradoras contemporáneas. Sophie Taeuber-Arp, Liubov Popova, Gertrud Arndt, Otti Berger, Monica Bella-Ullman, Unica Zürn, Nancy Spero, Marta Bellvehí, Carla Fuentes, Almudena Lobera, Concha Martínez Barreto o Irene González son algunas de las artistas que se hallarán al recorrer estas páginas.Este volumen coral es el resultado de una serie de investigaciones inéditas cuyo germen surgió a raíz del Primer Encuentro de Creación e Investigación Mujeres Creadoras: Dibujo, Trazo y Discurso celebrado en 2020 con el impulso del multidisciplinar Grupo de Investigación CREARESGEN (Creación, Arte Gráfico, Estética y Género) de la Universidad de Sevilla. Las originales contribuciones en torno al grafismo que integran el libro aspiran al objetivo de valorar críticamente la repercusión social y artística desde entornos creativos específicos #x97;dibujo, ilustración editorial, diseño gráfico, tejidos, pintura de abstracción, etc.#x97; así como la relevancia de tales aportaciones en el panorama contemporáneo del que también participan mujeres artistas en activo en nuestro país. Supone, además, una extraordinaria aportación al conocimiento específico del ámbito que trata, un planteamiento único dentro de la bibliografía en castellano publicada hasta ahora. Este libro logra así una justa visibilización y una fundamentada difusión del trabajo de numerosas mujeres rebosantes de talento, que de un modo u otro dejan su huella ,su trazo en el círculo artístico en el que se insertan</subfield>
  </datafield>
  <datafield tag="520" ind1=" " ind2=" ">
   <subfield code="a">La edición de este libro cuenta con el apoyo económico de la Universidad de Sevilla y el grupo de investigación HUM-1025, Greación, Arte gráfico y Género a través del proyecto 2021/00000269 y la celebración en 2020 de las Jornadas de Mujeres Creadoras: Dibujo, Trazo y Discurso gracias al proyecto 2020/00001008</subfield>
  </datafield>
  <datafield tag="583" ind1="1" ind2=" ">
   <subfield code="a">Archivierung/Langzeitarchivierung gewährleistet</subfield>
   <subfield code="f">FID</subfield>
   <subfield code="x">XA-DE-BW</subfield>
   <subfield code="2">pdager</subfield>
   <subfield code="5">DE-16</subfield>
  </datafield>
  <datafield tag="655" ind1=" " ind2="7">
   <subfield code="a">Aufsatzsammlung</subfield>
   <subfield code="0">(DE-588)4143413-4</subfield>
   <subfield code="0">(DE-627)105605727</subfield>
   <subfield code="0">(DE-576)209726091</subfield>
   <subfield code="2">gnd-content</subfield>
  </datafield>
  <datafield tag="689" ind1="0" ind2="0">
   <subfield code="d">s</subfield>
   <subfield code="0">(DE-588)4033430-2</subfield>
   <subfield code="0">(DE-627)106257242</subfield>
   <subfield code="0">(DE-576)209001984</subfield>
   <subfield code="a">Künstlerin</subfield>
   <subfield code="2">gnd</subfield>
  </datafield>
  <datafield tag="689" ind1="0" ind2="1">
   <subfield code="d">s</subfield>
   <subfield code="0">(DE-588)4018202-2</subfield>
   <subfield code="0">(DE-627)104270705</subfield>
   <subfield code="0">(DE-576)208923209</subfield>
   <subfield code="a">Frau</subfield>
   <subfield code="2">gnd</subfield>
  </datafield>
  <datafield tag="689" ind1="0" ind2="2">
   <subfield code="d">s</subfield>
   <subfield code="0">(DE-588)4114333-4</subfield>
   <subfield code="0">(DE-627)105822957</subfield>
   <subfield code="0">(DE-576)209483733</subfield>
   <subfield code="a">Kunst</subfield>
   <subfield code="2">gnd</subfield>
  </datafield>
  <datafield tag="689" ind1="0" ind2="3">
   <subfield code="a">z</subfield>
   <subfield code="2">gnd</subfield>
   <subfield code="a">Geschichte 1900-2000</subfield>
  </datafield>
  <datafield tag="689" ind1="0" ind2=" ">
   <subfield code="5">(DE-627)</subfield>
  </datafield>
  <datafield tag="700" ind1="1" ind2=" ">
   <subfield code="a">Aguilar Alejandre, María</subfield>
   <subfield code="e">HerausgeberIn</subfield>
   <subfield code="0">(DE-627)1819789977</subfield>
   <subfield code="4">edt</subfield>
  </datafield>
  <datafield tag="700" ind1="1" ind2=" ">
   <subfield code="a">Molina Barea, María del Carmen</subfield>
   <subfield code="e">HerausgeberIn</subfield>
   <subfield code="0">(DE-588)1230907513</subfield>
   <subfield code="0">(DE-627)1753275733</subfield>
   <subfield code="4">edt</subfield>
  </datafield>
  <datafield tag="787" ind1="0" ind2="8">
   <subfield code="i">Rezensiert in</subfield>
   <subfield code="a">Dávila Arreza, Elisa</subfield>
   <subfield code="t">[Rezension von: María Aguilar Alejandre, M.ª del Carmen Molina Barea (Hrsg.), Mujeres creadoras]</subfield>
   <subfield code="d">2022</subfield>
   <subfield code="w">(DE-627)1926044878</subfield>
  </datafield>
  <datafield tag="787" ind1="0" ind2="8">
   <subfield code="i">Rezensiert in</subfield>
   <subfield code="a">Dávila Arreza, Elisa</subfield>
   <subfield code="t">[Rezension von: Aguilar Alejandre, María y Molina Barea, M.ª del Carmen (Hrsg.), Mujeres creadoras. Dibujo, trazo y discurso]</subfield>
   <subfield code="d">2022</subfield>
   <subfield code="w">(DE-627)1927262712</subfield>
  </datafield>
  <datafield tag="830" ind1=" " ind2="0">
   <subfield code="a">Comares arte</subfield>
   <subfield code="v">7</subfield>
   <subfield code="9">7</subfield>
   <subfield code="w">(DE-627)1028333218</subfield>
   <subfield code="w">(DE-576)508266602</subfield>
   <subfield code="w">(DE-600)2938148-4</subfield>
   <subfield code="7">am</subfield>
  </datafield>
  <datafield tag="856" ind1="4" ind2="2">
   <subfield code="u">https://swbplus.bsz-bw.de/bsz1815209631inh.htm</subfield>
   <subfield code="m">V:DE-576</subfield>
   <subfield code="m">B:DE-16</subfield>
   <subfield code="v">20221217193434</subfield>
   <subfield code="3">Inhaltsverzeichnis</subfield>
   <subfield code="7">1</subfield>
  </datafield>
  <datafield tag="936" ind1="b" ind2="k">
   <subfield code="a">20.31</subfield>
   <subfield code="j">Bildende Künstler</subfield>
   <subfield code="0">(DE-627)181571080</subfield>
  </datafield>
  <datafield tag="936" ind1="b" ind2="k">
   <subfield code="a">71.33</subfield>
   <subfield code="j">Frau</subfield>
   <subfield code="x">Soziologie</subfield>
   <subfield code="0">(DE-627)106412671</subfield>
  </datafield>
  <datafield tag="951" ind1=" " ind2=" ">
   <subfield code="a">BO</subfield>
  </datafield>
  <datafield tag="990" ind1=" " ind2=" ">
   <subfield code="a">Künstlerin</subfield>
  </datafield>
  <datafield tag="990" ind1=" " ind2=" ">
   <subfield code="a">Frau</subfield>
  </datafield>
  <datafield tag="990" ind1=" " ind2=" ">
   <subfield code="a">Kunst</subfield>
  </datafield>
  <datafield tag="990" ind1=" " ind2=" ">
   <subfield code="a">Geschichte 1900-2000</subfield>
  </datafield>
  <datafield tag="991" ind1=" " ind2=" ">
   <subfield code="a">Rezensiertes Werk</subfield>
  </datafield>
  <datafield tag="999" ind1=" " ind2=" ">
   <subfield code="a">KXP-PPN1815209631</subfield>
   <subfield code="e">4933900841</subfield>
  </datafield>
 </record>
</collection>
